Statistics for Countries in the Macedonian Empire (Alexander's Empire)

Click here to take the quiz!

General Stats

  • This quiz has been taken 517 times
  • The average score is 17 of 21

Answer Stats

Answer% Correct
Greece
97%
Turkey
94%
Iran
92%
Iraq
92%
Egypt
90%
Israel
86%
Macedonia
86%
Albania
85%
India
85%
Syria
84%
Pakistan
83%
Afghanistan
81%
Armenia
79%
Jordan
77%
Lebanon
76%
Azerbaijan
73%
Turkmenistan
72%
Kuwait
67%
Uzbekistan
67%
Tajikistan
65%
Kosovo
52%

Score Distribution

Percentile by Number Answered

Percent of People with Each Score

Your Score History

You have not taken this quiz